Britney Spears Main Discography - Statistics

General Stats
  • This quiz has been taken 40 times
  • The average score is 73 of 140
Answer Stats
Answer % Correct
Circus
96%
...Baby One More Time
92%
Oops!... I Did It Again
92%
Criminal
88%
Gimme More
88%
Toxic
88%
Radar
84%
Womanizer
80%
Hold It Against Me
76%
I Wanna Go
76%
Piece of Me
76%
Sometimes
76%
Get Back
72%
I'm a Slave 4 U
72%
Kill the Lights
72%
Lucky
72%
Perfume
72%
Stronger
72%
Till the World Ends
72%
Alien
68%
Break the Ice
68%
Everytime
68%
Get Naked (I Got a Plan)
68%
I'm Not a Girl, Not Yet a Woman
68%
Me Against the Music
68%
Ooh Ooh Baby
68%
Outrageous
68%
Overprotected
68%
Soda Pop
68%
3
64%
Born to Make You Happy
64%
Cinderella
64%
E-Mail My Heart
64%
Everybody
64%
Freakshow
64%
Heaven on Earth
64%
Hot as Ice
64%
If U Seek Amy
64%
Shattered Glass
64%
Toy Soldier
64%
Work Bitch
64%
(You Drive Me) Crazy
64%
Boys
60%
Breathe on Me
60%
Mannequin
60%
My Prerogative
60%
Perfect Lover
60%
Autumn Goodbye
56%
Do Somethin'
56%
Early Mornin'
56%
(I Got That) Boom Boom
56%
Inside Out
56%
Make Me
56%
Out from Under
56%
Phonography
56%
Shadow
56%
Slumber Party
56%
Touch of My Hand
56%
Why Should I Be Sad?
56%
Bombastic Love
52%
Brave New Girl
52%
Can't Make You Love Me
52%
Chaotic
52%
From the Bottom of My Broken Heart
52%
I Love Rock & Roll
52%
Lonely
52%
My Baby
52%
Selfish
52%
Trouble for Me
52%
What U See (Is What U Get)
52%
Big Fat Bass
48%
Dear Diary
48%
Don't Go Knocking on My Door
48%
Lace and Leather
48%
Liar
48%
Mmm Papi
48%
Mona Lisa
48%
Mood Ring
48%
Tik Tik Boom
48%
Up n' Down
48%
What It's Like to Be Me
48%
Anticipating
44%
Blur
44%
Brightest Morning Star
44%
Don't Let Me Be the Last to Know
44%
(Drop Dead) Beautiful
44%
Gasoline
44%
He About to Lose Me
44%
(I Can't Get No) Satisfaction
44%
I'll Never Stop Loving You
44%
Invitation
44%
Passenger
44%
Rock Me In
44%
Showdown
44%
Swimming in the Stars
44%
The Hook Up
44%
Trip to Your Heart
44%
Unusual You
44%
And Then We Kiss
40%
Body Ache
40%
Chillin' with You
40%
Don't Keep Me Waiting
40%
Do You Wanna Come Over?
40%
How I Roll
40%
I Run Away
40%
I Will Still Love You
40%
Just Luv Me
40%
Let Me Be
40%
Seal It with a Kiss
40%
Someday (I Will Understand)
40%
The Answer
40%
The Beat Goes On
40%
Til It's Gone
40%
Clumsy
36%
Don't Hang Up
36%
Hold on Tight
36%
It Should Be Easy
36%
I've Just Begun (Having My Fun)
36%
I Will Be There
36%
One Kiss from You
36%
That's Where You Take Me
36%
When Your Eyes Say It
36%
Change Your Mind (No Seas Cortes)
32%
Coupure Électrique
32%
Don't Cry
32%
If I'm Dancing
32%
Matches
32%
Now That I Found You
32%
Private Show
32%
Thinkin' About You
32%
Before the Goodbye
28%
Deep in My Heart
28%
Just Like Me
28%
Love Me Down
28%
Man on the Moon
28%
When I Found You
28%
Better
24%
What You Need
24%
Where Are You Now
24%
Hard to Forget Ya
12%
No matching quizzes found
Score Distribution
Percent of People with Each Score
Percentile by Number Answered
Your Score History
You have not taken this quiz